Missing Word: 'D' Science Quiz Stats

 Plays Quiz Updated Nov 30, 2016

Support Sporcle.
Go Orange.
Score 0/20 Timer 03:00
3 Plays Today
Hint Missing 'D' Word % Correct
Carbon _______ (CO2)Dioxide
95.2%
Speed = ________ / timeDistance
91%
Komodo ______Dragon
89%
____ matterDark
83.1%
Least common _______Divisor
81.9%
_______ = mass / volumeDensity
80.7%
_____ helixDouble
79.8%
_____ AttenboroughDavid
79.2%
Hard Disk _____Drive
77.7%
Compact ____Disc
77.5%
Hint Missing 'D' Word % Correct
________ or recessive traitsDominant
67.2%
____ beetles a.k.a. 'rollers'Dung
66.9%
______ currentDirect
62.5%
Systolic and ______ pressureDiastolic
52.6%
__________ engineDifference
51.3%
Partial ____________ equationDifferential
40.3%
_______ shift or effectDoppler
35%
____ quarkDown
34.2%
Phobos and ______Deimos
33.2%
Normal (or Gaussian) ____________Distribution
27.9%

Today's Daily Dose

You're not logged in!

Compare scores with friends on all Sporcle quizzes.
OR
Log In

From the Vault

Rock, Paper, Pokémon!

by Thebiguglyalien

There're already rock and steel types; it's about time to add paper.
Remove Ads.
Support Sporcle.
Get the best of Sporcle when you Go Orange. This ad-free experience offers more features, more stats, and more fun while also helping to support Sporcle. Thank you for becoming a member.

Show Comments

Extras

Top Quizzes Today


Score Distribution

Your Account Isn't Verified!

In order to create a playlist on Sporcle, you need to verify the email address you used during registration. Go to your Sporcle Settings to finish the process.

Report this User

Report this user for behavior that violates our Community Guidelines.

Details: